[Event "18th CRO-chT(b)"]
[Site "Sibenik CRO"]
[Date "2009.09.28"]
[Round "8.25"]
[White "Vlahov, Davor"]
[Black "Brnas, Augustin"]
[Result "1/2-1/2"]
[WhiteElo "2236"]
[BlackElo "2304"]
[PlyCount "23"]
[EventDate "2009.09.21"]
[EventType "team"]
[EventRounds "9"]
[EventCountry "CRO"]

1. Nf3 Nf6 2. d4 g6 3. Bf4 Bg7 4. e3 d6 5. h3 O-O 6. Be2 c5 7. c3 Qb6 8. Qb3
Nc6 9. Nbd2 Be6 10. Qb5 cxd4 11. Qxb6 axb6 12. exd4 1/2-1/2

[Event "18th CRO-chT(b)"]
[Site "Sibenik CRO"]
[Date "2009.09.28"]
[Round "8.26"]
[White "Separovic, Tomislav"]
[Black "Sikanjic, Bojan"]
[Result "1/2-1/2"]
[WhiteElo "2203"]
[BlackElo "2170"]
[PlyCount "48"]
[EventDate "2009.09.21"]
[EventType "team"]
[EventRounds "9"]
[EventCountry "CRO"]

1. d4 Nf6 2. Nf3 g6 3. Bg5 Bg7 4. Nbd2 d5 5. e3 Nbd7 6. Bd3 O-O 7. O-O c5 8. c3
Re8 9. h3 e5 10. dxe5 Nxe5 11. Nxe5 Rxe5 12. Nf3 Re8 13. Bb5 Bd7 14. Bxd7 Qxd7
15. Bxf6 Bxf6 16. Qd2 Qe6 17. Rfd1 Red8 18. Qc2 Rd7 19. Rd2 Rad8 20. Rad1 Kg7
21. Qb3 Qc6 22. Qc2 Qe6 23. Qb3 Qc6 24. Qc2 Qe6 1/2-1/2

[Event "18th CRO-chT(b)"]
[Site "Sibenik CRO"]
[Date "2009.09.28"]
[Round "8.31"]
[White "Kazhgaleyev, Murtas"]
[Black "Sax, Gyula"]
[Result "1-0"]
[WhiteElo "2643"]
[BlackElo "2524"]
[PlyCount "117"]
[EventDate "2009.09.21"]
[EventType "team"]
[EventRounds "9"]
[EventCountry "CRO"]

1. d4 Nf6 2. c4 e6 3. Nf3 b6 4. g3 Ba6 5. Qc2 Bb4+ 6. Bd2 Bxd2+ 7. Nbxd2 d5 8.
Bg2 O-O 9. O-O Nbd7 10. Qa4 Bb7 11. cxd5 Bxd5 12. Rfe1 Bb7 13. e4 Qe7 14. Rac1
Rfc8 15. a3 c5 16. e5 Ne8 17. Ne4 Bc6 18. Qd1 Rab8 19. h4 h6 20. Qd2 Bxe4 21.
Rxe4 c4 22. Rg4 Kh8 23. Nh2 b5 24. Rf4 Nc7 25. Ng4 Nd5 26. Bxd5 exd5 27. Ne3
Qe6 28. Qe2 f6 29. Rd1 fxe5 30. dxe5 Nxe5 31. Nxd5 Rd8 32. Rfd4 Qf5 33. Nf4 Nd3
34. Rxd8+ Rxd8 35. Qe7 Rd4 36. Nxd3 cxd3 37. Qxa7 Qf3 38. Rf1 Rd5 39. Qe3 Qg4
40. Qd2 Qe2 41. Rd1 Kh7 42. Kg2 Qe4+ 43. Kh2 Qf5 44. Qe3 Rd8 45. Kg2 Qd5+ 46.
Qf3 Qc4 47. Rd2 Kg8 48. Qd1 Qe4+ 49. Kh2 Qd4 50. b3 Kh8 51. a4 bxa4 52. bxa4
Qc3 53. a5 Qc4 54. Qa1 Qb4 55. Qa2 Rd6 56. Rb2 Qe1 57. Rb8+ Kh7 58. Qg8+ Kg6
59. h5+ 1-0

[Event "18th CRO-chT(b)"]
[Site "Sibenik CRO"]
[Date "2009.09.28"]
[Round "8.32"]
[White "Rogulj, Branko"]
[Black "Shchekachev, Andrei"]
[Result "1/2-1/2"]
[WhiteElo "2453"]
[BlackElo "2539"]
[PlyCount "46"]
[EventDate "2009.09.21"]
[EventType "team"]
[EventRounds "9"]
[EventCountry "CRO"]

1. e4 c5 2. Nc3 d6 3. g3 g6 4. Bg2 Bg7 5. d3 Nc6 6. f4 Rb8 7. Nf3 Bg4 8. h3
Bxf3 9. Qxf3 e6 10. O-O Nge7 11. g4 Nd4 12. Qf2 f5 13. exf5 gxf5 14. Nd1 O-O
15. c3 Ndc6 16. Ne3 Qd7 17. Bd2 b5 18. Rae1 fxg4 19. hxg4 b4 20. Nd1 bxc3 21.
bxc3 Ng6 22. Qg3 Nce7 23. Re2 Rb1 1/2-1/2

[Event "18th CRO-chT(b)"]
[Site "Sibenik CRO"]
[Date "2009.09.28"]
[Round "8.33"]
[White "Mrdja, Milan"]
[Black "Rezan, Sasa"]
[Result "1-0"]
[WhiteElo "2393"]
[BlackElo "2431"]
[PlyCount "90"]
[EventDate "2009.09.21"]
[EventType "team"]
[EventRounds "9"]
[EventCountry "CRO"]

1. e4 c5 2. Nf3 d6 3. d4 cxd4 4. Nxd4 Nf6 5. Nc3 g6 6. f4 Nc6 7. Nf3 Bg7 8. Bd3
Qb6 9. Qe2 O-O 10. Nd1 e5 11. fxe5 dxe5 12. c3 Nh5 13. g3 f5 14. exf5 gxf5 15.
Nh4 Nf6 16. Bxf5 e4 17. Be3 Qa5 18. O-O Ne5 19. Bxc8 Raxc8 20. Nf2 Qd5 21. Bd4
Nf3+ 22. Nxf3 exf3 23. Qd3 Rcd8 24. b3 b5 25. Rad1 Qh5 26. Qc2 Nd5 27. Rfe1
Rfe8 28. Bxg7 Kxg7 29. c4 Re2 30. Rxe2 fxe2 31. Re1 bxc4 32. bxc4 Nf6 33. Rxe2
Qc5 34. Qc3 Rd1+ 35. Re1 Rxe1+ 36. Qxe1 Qxc4 37. Qe7+ Kg6 38. Qxa7 Qc8 39. Kg2
Qc6+ 40. Kg1 Qc1+ 41. Kg2 Qc6+ 42. Kh3 Qe6+ 43. g4 h5 44. Qd4 hxg4+ 45. Nxg4
Kh5 1-0

[Event "18th CRO-chT(b)"]
[Site "Sibenik CRO"]
[Date "2009.09.28"]
[Round "8.34"]
[White "Sinanovic, Muhamed"]
[Black "Samovojska, Damir"]
[Result "0-1"]
[WhiteElo "2386"]
[BlackElo "2307"]
[PlyCount "90"]
[EventDate "2009.09.21"]
[EventType "team"]
[EventRounds "9"]
[EventCountry "CRO"]

1. g3 d5 2. Bg2 h5 3. Nf3 Nf6 4. O-O h4 5. Nxh4 e5 6. d3 Nc6 7. c4 d4 8. e4
dxe3 9. fxe3 Bg4 10. Qb3 Rb8 11. Nc3 Nb4 12. Nd5 Nbxd5 13. cxd5 Qd7 14. Nf3 Bd6
15. d4 Bxf3 16. Rxf3 e4 17. Rf1 Qg4 18. Qd1 Qg5 19. Qe1 Ke7 20. Bd2 Rxh2 21.
Bb4 Rbh8 22. Bxd6+ cxd6 23. Rf4 Qh6 24. Rh4 Rxh4 25. gxh4 Qxh4 26. Qxh4 Rxh4
27. Kf2 Nxd5 28. Rc1 Kd7 29. Kg3 g5 30. Bh3+ Ke7 31. Rc8 Rh6 32. Bf5 Nxe3 33.
Bxe4 d5 34. Bd3 f5 35. Rc7+ Kf6 36. Rxb7 f4+ 37. Kf2 Rh2+ 38. Kf3 Rh3+ 39. Ke2
g4 40. Rxa7 Rh2+ 41. Ke1 f3 42. Ra6+ Kg5 43. Rg6+ Kf4 44. Rf6+ Kg3 45. a4 f2+
0-1

[Event "18th CRO-chT(b)"]
[Site "Sibenik CRO"]
[Date "2009.09.28"]
[Round "8.35"]
[White "Jukic, Zdenko"]
[Black "Paljusaj, Edmond"]
[Result "1-0"]
[WhiteElo "2279"]
[BlackElo "2288"]
[PlyCount "83"]
[EventDate "2009.09.21"]
[EventType "team"]
[EventRounds "9"]
[EventCountry "CRO"]

1. e4 c5 2. Nf3 d6 3. c3 Nf6 4. d3 g6 5. g3 Bg7 6. Bg2 O-O 7. O-O Nc6 8. h3 e5
9. Re1 d5 10. Nbd2 d4 11. c4 Ne8 12. g4 Nd6 13. Nf1 h6 14. Ng3 Be6 15. g5 h5
16. Nh4 a6 17. f4 exf4 18. Bxf4 Ne5 19. Nf3 Nxf3+ 20. Qxf3 Rb8 21. e5 Nf5 22.
Ne4 Nh4 23. Qg3 Nxg2 24. Kxg2 b5 25. b3 bxc4 26. dxc4 Qe7 27. Nf6+ Kh8 28. Bd2
Bc8 29. Kh2 Bb7 30. Rf1 Ba8 31. Rae1 a5 32. Rf4 a4 33. Rh4 Qb7 34. Ree4 axb3
35. axb3 Qxb3 36. Qg4 Bh6 37. Rxh5 Kg7 38. Rxh6 Rfd8 39. Rh7+ Kf8 40. e6 Ke7
41. Rxf7+ Kd6 42. Qf4+ 1-0

[Event "18th CRO-chT(b)"]
[Site "Sibenik CRO"]
[Date "2009.09.28"]
[Round "8.36"]
[White "Biliskov, Vjekoslav"]
[Black "Zovko, Mario"]
[Result "1/2-1/2"]
[WhiteElo "2281"]
[BlackElo "2197"]
[PlyCount "74"]
[EventDate "2009.09.21"]
[EventType "team"]
[EventRounds "9"]
[EventCountry "CRO"]

1. d4 d5 2. c4 e6 3. Nf3 c5 4. cxd5 exd5 5. Nc3 Nc6 6. g3 Nf6 7. Bg2 Be7 8. O-O
O-O 9. Bg5 cxd4 10. Nxd4 h6 11. Be3 Re8 12. Rc1 Be6 13. Qa4 Qd7 14. Nxe6 fxe6
15. Rfd1 Bf8 16. h3 a6 17. Bb6 Ne5 18. Qb3 Qf7 19. e4 dxe4 20. Nxe4 Rac8 21.
Nxf6+ gxf6 22. Qa4 Rxc1 23. Rxc1 Nd7 24. Be3 Ne5 25. Qd4 Re7 26. Rc8 Kh7 27. f4
Ng6 28. f5 exf5 29. Bd5 Qg7 30. Kh2 Rd7 31. Qc4 Ne7 32. Be6 Nxc8 33. Qxc8 Rc7
34. Bxf5+ Kh8 35. Bxh6 Qxh6 36. Qxc7 Qd2+ 37. Kg1 Qe1+ 1/2-1/2

[Event "18th CRO-chT(b)"]
[Site "Sibenik CRO"]
[Date "2009.09.28"]
[Round "8.41"]
[White "Erdos, Viktor"]
[Black "Dizdarevic, Emir"]
[Result "1/2-1/2"]
[WhiteElo "2591"]
[BlackElo "2483"]
[PlyCount "37"]
[EventDate "2009.09.21"]
[EventType "team"]
[EventRounds "9"]
[EventCountry "CRO"]

1. d4 e6 2. c4 Bb4+ 3. Nd2 Nf6 4. Ngf3 O-O 5. a3 Be7 6. b4 d6 7. Bb2 c5 8. dxc5
dxc5 9. b5 Nbd7 10. Qc2 Qc7 11. a4 b6 12. e3 Bb7 13. Bd3 Bd6 14. Ne4 Bxe4 15.
Bxe4 Rad8 16. Qc3 h6 17. Bc2 Rfe8 18. O-O-O e5 19. Nd2 1/2-1/2

[Event "18th CRO-chT(b)"]
[Site "Sibenik CRO"]
[Date "2009.09.28"]
[Round "8.42"]
[White "Filipovic, Branko"]
[Black "Gonda, Laszlo"]
[Result "1-0"]
[WhiteElo "2444"]
[BlackElo "2486"]
[PlyCount "91"]
[EventDate "2009.09.21"]
[EventType "team"]
[EventRounds "9"]
[EventCountry "CRO"]

1. e4 e5 2. Nf3 Nc6 3. Bb5 a6 4. Bxc6 dxc6 5. O-O Bg4 6. h3 h5 7. d3 Qf6 8.
Nbd2 Ne7 9. Re1 Ng6 10. d4 Nf4 11. dxe5 Qg6 12. Nh4 Bxd1 13. Nxg6 Nxg6 14. Rxd1
O-O-O 15. e6 fxe6 16. Re1 Ne5 17. a3 g5 18. Nf1 Be7 19. Bd2 Nc4 20. Bc3 Rhf8
21. Ne3 Nxe3 22. Rxe3 Bc5 23. Rf3 Rxf3 24. gxf3 Bd4 25. Bxd4 Rxd4 26. Kf1 Rd2
27. Rc1 Kd8 28. Ke1 Rd7 29. Ke2 Ke7 30. h4 Kf6 31. Rg1 Rg7 32. f4 g4 33. Rg3 e5
34. f5 Rd7 35. Rb3 b6 36. Rg3 c5 37. f3 gxf3+ 38. Kxf3 Rd1 39. Rg6+ Kf7 40. Rc6
Rf1+ 41. Ke2 Rf4 42. Rxc7+ Kf8 43. Kd3 Rxh4 44. a4 Rh1 45. Kc4 Rd1 46. c3 1-0

[Event "18th CRO-chT(b)"]
[Site "Sibenik CRO"]
[Date "2009.09.28"]
[Round "8.43"]
[White "Komljenovic, Davorin"]
[Black "Viskic, Pavisa"]
[Result "1-0"]
[WhiteElo "2433"]
[BlackElo "2220"]
[PlyCount "137"]
[EventDate "2009.09.21"]
[EventType "team"]
[EventRounds "9"]
[EventCountry "CRO"]

1. d4 g6 2. c4 Bg7 3. e4 d6 4. Nc3 Nc6 5. Be3 e5 6. d5 Nce7 7. g4 f5 8. f3 Nf6
9. h3 O-O 10. c5 Ne8 11. Qb3 Kh8 12. g5 dxc5 13. Bxc5 Nd6 14. O-O-O h5 15. h4
a6 16. Bh3 b6 17. Be3 Bd7 18. Kb1 Bb5 19. Qc2 Bc4 20. Nge2 f4 21. Bc1 a5 22. b3
Ba6 23. Bb2 Qb8 24. Na4 Bb5 25. Nec3 Be8 26. Qf2 Nec8 27. Rd2 Na7 28. Rc1 Nab5
29. Ne2 Rf7 30. Kc2 Re7 31. Kd1 Qd8 32. Ke1 Kh7 33. Kf1 Bh8 34. Kg2 Bg7 35. Kh2
Bh8 36. Bf1 Rb8 37. Nac3 Bg7 38. Nxb5 Bxb5 39. a4 Be8 40. Rdc2 Bf8 41. Nc3 Nb7
42. Nb5 Nc5 43. Rxc5 bxc5 44. Qxc5 Bxb5 45. Bxb5 Qd6 46. Qc3 Qb6 47. Kg2 Qe3
48. Qxe3 fxe3 49. Rc3 Rf7 50. Rxe3 Bd6 51. Bc3 Ra8 52. Bc6 Ra6 53. Re2 Rf8 54.
Rc2 Kg8 55. Be1 Kf7 56. Bf2 Rb8 57. Bb5 Raa8 58. f4 exf4 59. Bd4 c5 60. Bf6 Be7
61. Be5 Rb6 62. Bxf4 Rab8 63. Bxb8 Rxb8 64. e5 Rc8 65. Kf3 Bf8 66. Ke4 Ke7 67.
d6+ Ke6 68. Rf2 Bg7 69. Bc4+ 1-0

[Event "18th CRO-chT(b)"]
[Site "Sibenik CRO"]
[Date "2009.09.28"]
[Round "8.44"]
[White "Grgurevic, Boris"]
[Black "Orak, Ljubomir"]
[Result "0-1"]
[WhiteElo "2228"]
[BlackElo "2341"]
[PlyCount "96"]
[EventDate "2009.09.21"]
[EventType "team"]
[EventRounds "9"]
[EventCountry "CRO"]

1. e4 e5 2. Nf3 Nc6 3. Bc4 Nf6 4. O-O Nxe4 5. Qe2 d5 6. Bb5 Bd6 7. d3 Nf6 8.
Nxe5 O-O 9. Bxc6 bxc6 10. d4 c5 11. dxc5 Bxc5 12. Bg5 Re8 13. Qb5 Bb6 14. Nd3
Bd7 15. Qb4 h6 16. Bxf6 Qxf6 17. Nc3 c6 18. Rae1 Bf5 19. Qf4 Bd4 20. Nd1 Rab8
21. b3 Be4 22. Qxf6 Bxf6 23. Nc5 Bxc2 24. Nd7 Rbd8 25. Nxf6+ gxf6 26. Rxe8+
Rxe8 27. Ne3 Bg6 28. Rd1 Kf8 29. Kf1 Ke7 30. b4 Rb8 31. a3 a5 32. Rd4 axb4 33.
axb4 Ke6 34. f4 Be4 35. g4 Ra8 36. Rd2 Ra4 37. Rb2 d4 38. f5+ Ke5 39. Nc4+ Kf4
40. Nd6 Ra1+ 41. Ke2 Rh1 42. Nxe4 Kxe4 43. Rb3 Rxh2+ 44. Kd1 d3 45. b5 Ke3 46.
Kc1 cxb5 47. Rxb5 Rh1+ 48. Kb2 d2 0-1

[Event "18th CRO-chT(b)"]
[Site "Sibenik CRO"]
[Date "2009.09.28"]
[Round "8.45"]
[White "Car, Tihomir"]
[Black "Malenica, Mario"]
[Result "1-0"]
[WhiteElo "2260"]
[BlackElo "2223"]
[PlyCount "69"]
[EventDate "2009.09.21"]
[EventType "team"]
[EventRounds "9"]
[EventCountry "CRO"]

1. e4 d6 2. d4 Nf6 3. Nc3 g6 4. Nf3 Bg7 5. h3 O-O 6. Be3 a6 7. a4 Nc6 8. Qd2 e5
9. d5 Ne7 10. g4 Bd7 11. a5 c5 12. g5 Nh5 13. Be2 b5 14. Nh2 b4 15. Nd1 f5 16.
gxf6 Nxf6 17. f3 Nh5 18. Nf2 Nf4 19. c4 bxc3 20. bxc3 Ng2+ 21. Kf1 Nf4 22. h4
Qc8 23. Bxf4 Bh3+ 24. Kg1 Rxf4 25. Nhg4 Bxg4 26. fxg4 Qc7 27. Rh2 Raf8 28. Bxa6
c4 29. Qe3 Rf3 30. Qb6 Qxb6 31. axb6 Rxc3 32. Nd1 Rb3 33. b7 Nxd5 34. Bxc4 Rg3+
35. Rg2 1-0

[Event "18th CRO-chT(b)"]
[Site "Sibenik CRO"]
[Date "2009.09.28"]
[Round "8.46"]
[White "Gracin, Damir"]
[Black "Vujec, Ivan"]
[Result "1-0"]
[WhiteElo "2175"]
[BlackElo "1977"]
[PlyCount "113"]
[EventDate "2009.09.21"]
[EventType "team"]
[EventRounds "9"]
[EventCountry "CRO"]

1. d4 Nf6 2. c4 c5 3. Nf3 cxd4 4. Nxd4 Nc6 5. Nc3 g6 6. e4 d6 7. Be2 Bg7 8. Be3
O-O 9. O-O a6 10. Rc1 Bd7 11. f3 Qb6 12. Na4 Qa5 13. Nxc6 Bxc6 14. Nb6 Rad8 15.
a3 Nd7 16. Nxd7 Rxd7 17. Bd4 Bxd4+ 18. Qxd4 Qc5 19. Qf2 a5 20. Rc3 e6 21. Rd1
Rfd8 22. Kf1 a4 23. Rcd3 Qxf2+ 24. Kxf2 f5 25. Ke3 Kf7 26. g3 Kf6 27. h4 h6 28.
R3d2 Ke5 29. f4+ Kf6 30. Bf3 fxe4 31. Bxe4 d5 32. Bf3 d4+ 33. Kf2 Kf5 34. Re1
Bxf3 35. Kxf3 Rc8 36. Re5+ Kf6 37. c5 Rcd8 38. Ke4 d3 39. g4 Rd4+ 40. Ke3 Rc4
41. g5+ hxg5 42. hxg5+ Kf7 43. Rxd3 Rxd3+ 44. Kxd3 Rxf4 45. Re4 Rxe4 46. Kxe4
Ke8 47. Kd3 Kd8 48. Kc4 Kc7 49. Kb5 e5 50. Kxa4 Kc6 51. b4 Kd5 52. Kb3 Kd4 53.
Kc2 e4 54. Kd2 Kc4 55. Ke3 Kd5 56. a4 Kc4 57. a5 1-0

[Event "18th CRO-chT(b)"]
[Site "Sibenik CRO"]
[Date "2009.09.28"]
[Round "8.53"]
[White "Kovacevic, Aleksandar"]
[Black "Varga, Zoltan"]
[Result "1/2-1/2"]
[WhiteElo "2562"]
[BlackElo "2481"]
[PlyCount "92"]
[EventDate "2009.09.21"]
[EventType "team"]
[EventRounds "9"]
[EventCountry "CRO"]

1. e4 d5 2. exd5 Nf6 3. d4 Nxd5 4. Nf3 Bg4 5. Be2 Nc6 6. O-O e6 7. c3 a6 8. Re1
Be7 9. Nbd2 O-O 10. Ne4 h6 11. h3 Bf5 12. Bd3 Re8 13. a3 Bf8 14. Qc2 Bg6 15.
Bd2 Nf6 16. Nxf6+ Qxf6 17. Bxg6 Qxg6 18. Qxg6 fxg6 19. Re4 b5 20. Rae1 Kf7 21.
Rf4+ Kg8 22. Rfe4 Kf7 23. Bf4 Bd6 24. Be5 Rad8 25. Rf4+ Kg8 26. Rg4 Kf7 27. h4
Bxe5 28. Nxe5+ Nxe5 29. Rxe5 Rd5 30. Rge4 Rxe5 31. Rxe5 Ke7 32. Re4 Rd8 33. Kf1
Rd5 34. Ke2 c5 35. dxc5 Rxc5 36. a4 bxa4 37. Rxa4 a5 38. Kd3 Rb5 39. b4 Rd5+
40. Ke3 Re5+ 41. Kd3 Rd5+ 42. Kc2 axb4 43. Rxb4 g5 44. Rg4 Rf5 45. f3 gxh4 46.
Rxh4 h5 1/2-1/2

[Event "18th CRO-chT(b)"]
[Site "Sibenik CRO"]
[Date "2009.09.28"]
[Round "8.55"]
[White "Krstic, Uros"]
[Black "Juranic, Bruno"]
[Result "1-0"]
[WhiteElo "2372"]
[BlackElo "2249"]
[PlyCount "65"]
[EventDate "2009.09.21"]
[EventType "team"]
[EventRounds "9"]
[EventCountry "CRO"]

1. e4 c5 2. Nf3 a6 3. Nc3 e6 4. g3 Nc6 5. Bg2 g6 6. d4 cxd4 7. Nxd4 Bg7 8. Nxc6
bxc6 9. O-O Qc7 10. Bf4 e5 11. Be3 d6 12. Qd3 Bb7 13. Rfd1 Rd8 14. Na4 c5 15.
b4 c4 16. Qe2 Qc6 17. Nb6 c3 18. Nd5 Ne7 19. Bg5 Nxd5 20. exd5 Qc7 21. Bxd8
Kxd8 22. a4 Ke7 23. a5 f5 24. b5 Ra8 25. Rdb1 Qc5 26. Qe3 Qxe3 27. fxe3 f4 28.
bxa6 Bxa6 29. Bf1 Bh6 30. Kf2 Bxf1 31. Rxf1 g5 32. Ke2 Kf6 33. a6 1-0

[Event "18th CRO-chT(b)"]
[Site "Sibenik CRO"]
[Date "2009.09.28"]
[Round "8.56"]
[White "Brenc, Tomislav"]
[Black "Vargic, Drago"]
[Result "0-1"]
[WhiteElo "2101"]
[BlackElo "2384"]
[PlyCount "38"]
[EventDate "2009.09.21"]
[EventType "team"]
[EventRounds "9"]
[EventCountry "CRO"]

1. e4 e6 2. Nf3 d5 3. e5 c5 4. b4 cxb4 5. d4 Nc6 6. a3 Bd7 7. axb4 Bxb4+ 8. c3
Be7 9. Bd3 a6 10. h4 Qc7 11. Ng5 f5 12. exf6 Nxf6 13. Bxh7 O-O-O 14. Bg6 Rdf8
15. Nf3 Rhg8 16. Qe2 Nxd4 17. Qb2 Nc6 18. Ng5 Ne5 19. Qc2 Nfg4 0-1

[Event "18th CRO-chT(w)"]
[Site "Sibenik CRO"]
[Date "2009.09.21"]
[Round "1.11"]
[White "Muzychuk, Mariya"]
[Black "Srebrnic, Ana"]
[Result "1-0"]
[WhiteElo "2443"]
[BlackElo "2237"]
[PlyCount "135"]
[EventDate "2009.09.21"]
[EventType "team"]
[EventRounds "9"]
[EventCountry "CRO"]

1. f4 f5 2. Nf3 Nf6 3. g3 g6 4. Bg2 Bg7 5. d3 c6 6. Nc3 Nd5 7. Nxd5 cxd5 8. c3
Qb6 9. Qc2 Nc6 10. Bd2 d6 11. O-O-O Be6 12. Kb1 Rc8 13. Rde1 h6 14. Qa4 O-O 15.
e3 Bf7 16. Nd4 e5 17. Nc2 Rfe8 18. h3 Kh7 19. Nb4 Nxb4 20. Qxb4 Qc7 21. g4 e4
22. Bf1 Rb8 23. d4 a6 24. Be2 Bf6 25. Reg1 Be7 26. Qb3 Rg8 27. Qd1 b5 28. Rg2
a5 29. Rhg1 Qd7 30. Be1 Be6 31. a3 Bf7 32. h4 Be6 33. gxf5 gxf5 34. Bh5 Rxg2
35. Rxg2 Rg8 36. Rxg8 Bxg8 37. Qe2 Bd8 38. Qf1 Bf6 39. Be2 Qe7 40. h5 Bf7 41.
Qh3 Qd7 42. Bh4 Bg7 43. Qf1 Be8 44. Qd1 a4 45. Qf1 Kg8 46. Kc2 Qc6 47. b3 axb3+
48. Kxb3 Qa6 49. Qh3 Qc8 50. Kb4 Qa6 51. Kb3 Qc8 52. Kb2 Kf8 53. Qf1 Qa6 54.
Qd1 Qa5 55. Qb3 Bc6 56. Qb4 Qxb4+ 57. cxb4 Ke8 58. a4 bxa4 59. b5 Bb7 60. Ka3
Kd7 61. Kxa4 Kc7 62. Ka5 Bf8 63. b6+ Kb8 64. Bb5 Bc8 65. Bf6 Be6 66. Bc6 Bf7
67. Bd8 Bxh5 68. b7 1-0

[Event "18th CRO-chT(w)"]
[Site "Sibenik CRO"]
[Date "2009.09.21"]
[Round "1.12"]
[White "Kruljac, Nina"]
[Black "Medic, Mirjana"]
[Result "1-0"]
[WhiteElo "2103"]
[BlackElo "2322"]
[PlyCount "133"]
[EventDate "2009.09.21"]
[EventType "team"]
[EventRounds "9"]
[EventCountry "CRO"]

1. e4 e6 2. d4 d5 3. Nd2 Nf6 4. e5 Nfd7 5. Bd3 c5 6. c3 b6 7. Ne2 Ba6 8. Bb1
cxd4 9. cxd4 Nc6 10. Nf3 Rc8 11. O-O Qc7 12. Bd2 Be7 13. Re1 O-O 14. Nf4 g6 15.
h4 Bb4 16. h5 Rfe8 17. Bxb4 Nxb4 18. Qa4 Qc4 19. Qxd7 Bb5 20. b3 Bxd7 21. bxc4
Rxc4 22. hxg6 hxg6 23. a3 Nc2 24. Bxc2 Rxc2 25. Rac1 Rec8 26. Rxc2 Rxc2 27. Re3
Rc1+ 28. Kh2 Rc2 29. Kg3 Bb5 30. Nh3 Be8 31. Ne1 Rc4 32. Nf3 Rc2 33. Kf4 a5 34.
Rb3 b5 35. Ke3 a4 36. Rd3 b4 37. axb4 Bb5 38. Ra3 Re2+ 39. Kf4 Rb2 40. Ke3 Rxb4
41. Kd2 Bf1 42. Nf4 Rb2+ 43. Ke3 Bb5 44. Nd3 Rb1 45. Nc5 Rb2 46. Nd2 Rb4 47.
Ra1 Kg7 48. Nb1 g5 49. Nc3 Bc4 50. Rxa4 Rb2 51. Ra7 Kg6 52. Rb7 Rc2 53. N5a4
Rc1 54. Rb1 Rc2 55. g3 Kf5 56. Rb7 Kg6 57. Rb2 Rc1 58. Kd2 Ra1 59. Nb6 Bf1 60.
Rb1 Rxb1 61. Nxb1 f6 62. exf6 Kxf6 63. Nd7+ Kf5 64. Ke3 Bb5 65. Ne5 Be8 66. g4+
Kf6 67. f4 1-0

[Event "18th CRO-chT(w)"]
[Site "Sibenik CRO"]
[Date "2009.09.21"]
[Round "1.13"]
[White "Solic, Kristina"]
[Black "Cacic, Marija"]
[Result "1-0"]
[WhiteElo "2193"]
[BlackElo "1654"]
[PlyCount "135"]
[EventDate "2009.09.21"]
[EventType "team"]
[EventRounds "9"]
[EventCountry "CRO"]

1. e4 e6 2. d4 d5 3. Nc3 Bb4 4. e5 c5 5. a3 Bxc3+ 6. bxc3 Qa5 7. Bd2 c4 8. Qg4
g6 9. Nf3 Ne7 10. Qf4 h6 11. Be2 Bd7 12. O-O Ba4 13. Rfb1 b5 14. Rb2 Nd7 15. h4
Nf5 16. Re1 Qd8 17. Bf1 Qe7 18. Ra2 O-O-O 19. Qg4 Rh7 20. g3 Rg8 21. Bg2 Rhg7
22. Nh2 g5 23. h5 Nb6 24. Nf1 Qd7 25. Ne3 Ne7 26. Qf3 Nf5 27. Ng4 Rf8 28. Nf6
Qd8 29. Bh3 Ne7 30. Bg4 Nd7 31. Qd1 Ng8 32. Nxg8 Rgxg8 33. Qb1 f6 34. Bxe6 Rg7
35. Qb4 fxe5 36. Qc5+ Kb8 37. Qxd5 Qf6 38. Qd6+ Kc8 39. Bxd7+ Rxd7 40. Qxf6
Rxf6 41. Rxe5 Rdf7 42. Be3 a6 43. Ra1 Bxc2 44. Re1 Kd7 45. d5 Rf5 46. Re6 R7f6
47. Bd4 Rxe6 48. Rxe6 Rxd5 49. Rxh6 Rd6 50. Rh8 g4 51. h6 Be4 52. Kf1 Bf3 53.
Rh7+ Ke8 54. Rh8+ Kf7 55. Rf8+ Kg6 56. Rh8 Kf7 57. Ke1 Re6+ 58. Be3 Rd6 59. Bd2
Re6+ 60. Kf1 Kg6 61. Rg8+ Kh7 62. Rg7+ Kh8 63. Be3 Rd6 64. Bd4 Rxh6 65. Rxg4+
Kh7 66. Rg7+ Kh8 67. Rf7+ Kg8 68. Rxf3 1-0

[Event "18th CRO-chT(w)"]
[Site "Sibenik CRO"]
[Date "2009.09.21"]
[Round "1.21"]
[White "Madl, Ildiko"]
[Black "Collas, Silvia"]
[Result "1-0"]
[WhiteElo "2386"]
[BlackElo "2319"]
[PlyCount "95"]
[EventDate "2009.09.21"]
[EventType "team"]
[EventRounds "9"]
[EventCountry "CRO"]

1. e4 e5 2. Nf3 Nf6 3. Nxe5 d6 4. Nf3 Nxe4 5. c4 Be7 6. Be2 O-O 7. O-O c6 8.
Nc3 Ng5 9. d4 Nd7 10. Bf4 Nb6 11. Qd3 Ne6 12. Be3 d5 13. b3 Bf6 14. c5 Nd7 15.
b4 g6 16. Nd2 Bg7 17. f4 f5 18. Nf3 h6 19. Qd2 Kh7 20. Bd3 Nf6 21. Ne5 Nd7 22.
Ne2 a6 23. Rab1 Qe8 24. Bc2 Kh8 25. Ng3 Nc7 26. a4 a5 27. bxa5 Bf6 28. Qe1 Ne6
29. Ne2 Bd8 30. Bd2 Bc7 31. Rb3 Kh7 32. Rg3 Nxe5 33. fxe5 Bd8 34. Qc1 Bg5 35.
Rh3 Qd8 36. Kh1 Bxd2 37. Qxd2 Qg5 38. Nf4 Nxf4 39. Rxf4 h5 40. Qf2 Rxa5 41. g4
Kg7 42. gxh5 Rh8 43. Rg3 Qxh5 44. Bxf5 Rxa4 45. Rxg6+ Qxg6 46. Bxg6 Ra1+ 47.
Kg2 Bh3+ 48. Kg3 1-0

[Event "18th CRO-chT(w)"]
[Site "Sibenik CRO"]
[Date "2009.09.21"]
[Round "1.22"]
[White "Macek, Vlasta"]
[Black "Vujnovic, Patricija"]
[Result "1-0"]
[WhiteElo "2220"]
[BlackElo "1883"]
[PlyCount "67"]
[EventDate "2009.09.21"]
[EventType "team"]
[EventRounds "9"]
[EventCountry "CRO"]

1. d4 Nf6 2. Nf3 d5 3. g3 e6 4. Bg2 c5 5. O-O Nc6 6. b3 cxd4 7. Nxd4 Bc5 8. Bb2
O-O 9. h3 Qe7 10. e3 e5 11. Nxc6 bxc6 12. Qe2 a5 13. Nd2 Ba6 14. c4 Qe6 15.
Rfc1 a4 16. Rab1 Bb4 17. Bc3 Ba3 18. Rd1 Bd6 19. bxa4 Nd7 20. a5 f5 21. Qe1 Nc5
22. cxd5 cxd5 23. Nb3 Nd3 24. Qd2 e4 25. Nc1 Bc7 26. Bf1 Nxc1 27. Rbxc1 Bb7 28.
Bxg7 Bxa5 29. Qb2 Rf7 30. Be5 Bc6 31. Be2 Rb7 32. Qa1 Ba4 33. Rxd5 Bc6 34. Rd6
1-0

[Event "18th CRO-chT(w)"]
[Site "Sibenik CRO"]
[Date "2009.09.21"]
[Round "1.23"]
[White "Grguric, Daria"]
[Black "Purgar, Ivona"]
[Result "0-1"]
[WhiteElo "1879"]
[BlackElo "2093"]
[PlyCount "92"]
[EventDate "2009.09.21"]
[EventType "team"]
[EventRounds "9"]
[EventCountry "CRO"]

1. d4 Nf6 2. Nf3 g6 3. e3 Bg7 4. Bd3 d5 5. b3 O-O 6. Nbd2 c5 7. Bb2 b6 8. Ne5
Bb7 9. f4 Nc6 10. a3 Nd7 11. O-O Ndxe5 12. fxe5 Qd7 13. Qe2 f6 14. c4 e6 15.
exf6 Bxf6 16. Qg4 Ba6 17. Rad1 Qe7 18. Rf3 Rad8 19. Rg3 Rf7 20. Nf3 e5 21. dxe5
Nxe5 22. Nxe5 Bxe5 23. Bxe5 Qxe5 24. Bxg6 hxg6 25. Qxg6+ Rg7 26. Qxg7+ Qxg7 27.
Rxg7+ Kxg7 28. cxd5 Kf6 29. e4 Ke5 30. Kf2 Rd6 31. Ke3 Rh6 32. Rd2 Rxh2 33. Rf2
Rh7 34. Rf5+ Kd6 35. Rf6+ Ke7 36. e5 Bb7 37. d6+ Kd7 38. g3 Bd5 39. Rf8 Rh1 40.
b4 Re1+ 41. Kd2 Rxe5 42. bxc5 bxc5 43. Rf6 Rg5 44. Rh6 a6 45. Rh7+ Kxd6 46. Ra7
Bc4 0-1

[Event "18th CRO-chT(w)"]
[Site "Sibenik CRO"]
[Date "2009.09.21"]
[Round "1.31"]
[White "Javakhishvili, Lela"]
[Black "Racki, Barbara"]
[Result "1-0"]
[WhiteElo "2472"]
[BlackElo "1690"]
[PlyCount "85"]
[EventDate "2009.09.21"]
[EventType "team"]
[EventRounds "9"]
[EventCountry "CRO"]

1. Nf3 Nf6 2. c4 e6 3. b3 d5 4. e3 Nbd7 5. Bb2 Be7 6. Be2 O-O 7. O-O b6 8. d3
Bb7 9. Nbd2 c5 10. Rc1 Rc8 11. Rc2 Nb8 12. Qa1 Nc6 13. Rd1 Ne8 14. a3 Bf6 15.
cxd5 Bxb2 16. Qxb2 Qxd5 17. Ne4 Qd7 18. b4 cxb4 19. axb4 Nd6 20. Nc3 Ne7 21.
Ne5 Qe8 22. Rdc1 f6 23. Nf3 Qg6 24. Qa2 Nd5 25. Nxd5 Bxd5 26. Qxa7 Bxf3 27.
Bxf3 Qxd3 28. Rxc8 Nxc8 29. Qc7 Qa3 30. Qc4 Kf7 31. Bg4 Re8 32. Rd1 Qa4 33.
Qc7+ Kg6 34. h4 h5 35. Bf3 Ne7 36. Qxb6 Qb3 37. Qc5 e5 38. Be4+ f5 39. Bc2 Qa2
40. Bb1 Qb2 41. Qd6+ Kf7 42. Qa6 Qxb4 43. Ba2+ 1-0